Personnage de jeux vidéo en image - Statistiques

Statistiques générales
  • Ce quiz a été pris 47 fois
  • Le résultat moyen est 8 sur 15
Statistiques - réponses
Par images Réponse % Correct
Mario
100%
Lara Croft
90%
Harmonie et Luma
79%
Kirby
79%
Samus Aran
72%
Solid Snake
64%
Olimar
59%
Alex
51%
Arthur Morgan
44%
Déesse Palutena
44%
Malon
33%
Midona
33%
Pyra
26%
Anju
10%
Kraid
8%
Aucun quiz correspondant
Distribution des résultats
% des personnes avec chaque résultat
Percentile par nombre de réponses
Votre historique - résultats
Vous n’avez pas pris ce quiz